| Поле | Инд. | ПП | Название | Значение |
|---|---|---|---|---|
| Тип записи | a | |||
| Библиографический уровень | m | |||
| 001 | Контрольный номер | 68e9503e250a4b62acf4ddd87a83e008 | ||
| 005 | Дата корректировки | 20260604144959.2 | ||
| 040 | a | Служба первич. каталог. | НБ ТвГУ | |
| b | Код языка каталог. | rus | ||
| e | Правила каталог. | PSBO | ||
| 041 | 0_ | a | Код языка текста | rus |
| 080 | a | Индекс УДК | 544(082)(0.034) | |
| 084 | a | Индекс другой классификации/Индекс ББК | Г5я43я04 | |
| 097 | b | Оператор | Semenova.ZR | |
| 245 | 10 | a | Заглавие | Физико-химические аспекты изучения кластеров, наноструктур и наноматериалов |
| n | Номер части/ раздела | Вып. 17 | ||
| c | Ответственность | Тверской государственный университет ; редакционная коллегия: В. М. Самсонов (главный редактор), Н. Ю. Сдобняков [и др.] | ||
| h | Физич. носитель | Электронный ресурс | ||
| 260 | c | Дата издания | 2025 | |
| a | Место издания | Тверь | ||
| b | Издательство | Тверской государственный университет | ||
| 300 | a | Объем | 936 с. | |
| b | Иллюстрации/ тип воспроизводства | ил., цв. ил., табл. | ||
| 653 | 0_ | a | Ключевые слова | Физика |
| a | Ключевые слова | Физическая химия | ||
| a | Ключевые слова | Наноматериалы | ||
| a | Ключевые слова | Наночастицы | ||
| a | Ключевые слова | Наносистемы | ||
| a | Ключевые слова | Наноструктуры | ||
| a | Ключевые слова | Нанотехнологии | ||
| a | Ключевые слова | Нанохимия | ||
| a | Ключевые слова | Кластеры | ||
| a | Ключевые слова | Атомистическое моделирование | ||
| a | Ключевые слова | Труды Тверского государственного университета | ||
| a | Ключевые слова | Сборники | ||
| a | Ключевые слова | Электронные ресурсы | ||
| 700 | 12 | a | Другие авторы | Самсонов Владимир Михайлович |
| e | Роль лиц | Редактор | ||
| 700 | 12 | a | Другие авторы | Сдобняков Николай Юрьевич |
| e | Роль лиц | Редактор | ||
| 710 | 12 | a | Организация/ юрисдикция | Тверской государственный университет |
| 901 | t | Тип документа | m | |
| 920 | a | Оператор | Алекс | |
| a | Оператор | Бочк | ||
| 930 | a | Новая/Ретро | новая | |
| 952 | c | Вид литературы | Т рн |